Drafts and Drifts / (Record no. 17148)
[ view plain ]
| 000 -LEADER | |
|---|---|
| fixed length control field | 00335nam a22001217a 4500 |
| 008 - FIXED-LENGTH DATA ELEMENTS--GENERAL INFORMATION | |
| fixed length control field | 130102s2001 xxu||||| ||h| 00| 0 eng d |
| 082 ## - DEWEY DECIMAL CLASSIFICATION NUMBER | |
| Item number | 782.28 |
| Edition number | KAZ |
| Classification number | 22 |
| 245 ## - TITLE STATEMENT | |
| Title | Drafts and Drifts / |
| Statement of responsibility, etc | Mohamed Kazem. |
| 300 ## - PHYSICAL DESCRIPTION | |
| Extent | 1 sound disc ; |
| Other physical details | digital ; |
| Dimensions | 4 3/4 in. |
| 653 ## - INDEX TERM--UNCONTROLLED | |
| -- | General |
| 655 ## - INDEX TERM--GENRE/FORM | |
| Genre/form data or focus term | Music |
| -- | 31754 |
| 942 ## - ADDED ENTRY ELEMENTS (KOHA) | |
| Source of classification or shelving scheme | Dewey Decimal Classification |
| Item type | |
| Call number prefix | 782.28 KAZ |
| Withdrawn status | Lost status | Source of classification or shelving scheme | Damaged status | Not for loan | Home library | Current library | Shelving location | Date acquired | Source of acquisition | Total Checkouts | Full call number | Barcode | Date last seen | Koha item type |
|---|---|---|---|---|---|---|---|---|---|---|---|---|---|---|
| Dewey Decimal Classification | Central Library | Central Library | Second Floor | 02/01/2013 | Purchase | 782.28 KAZ | 000027900 | 24/08/2022 | CD | DVD - Sound (NB) |